<?xml version="1.0" encoding="UTF-8"?><?xml-stylesheet type="text/xsl" href="static/style.xsl"?><OAI-PMH xmlns="http://www.openarchives.org/OAI/2.0/" xmlns:xsi="http://www.w3.org/2001/XMLSchema-instance" xsi:schemaLocation="http://www.openarchives.org/OAI/2.0/ http://www.openarchives.org/OAI/2.0/OAI-PMH.xsd"><responseDate>2026-04-13T00:48:32Z</responseDate><request verb="GetRecord" identifier="oai:www.recercat.cat:10256/11298" metadataPrefix="marc">https://recercat.cat/oai/request</request><GetRecord><record><header><identifier>oai:recercat.cat:10256/11298</identifier><datestamp>2024-06-18T14:31:47Z</datestamp><setSpec>com_2072_452955</setSpec><setSpec>com_2072_2054</setSpec><setSpec>col_2072_452959</setSpec></header><metadata><record xmlns="http://www.loc.gov/MARC21/slim" xmlns:dcterms="http://purl.org/dc/terms/" xmlns:xsi="http://www.w3.org/2001/XMLSchema-instance" xmlns:doc="http://www.lyncode.com/xoai" xsi:schemaLocation="http://www.loc.gov/MARC21/slim http://www.loc.gov/standards/marcxml/schema/MARC21slim.xsd">
   <leader>00925njm 22002777a 4500</leader>
   <datafield ind2=" " ind1=" " tag="042">
      <subfield code="a">dc</subfield>
   </datafield>
   <datafield ind2=" " ind1=" " tag="720">
      <subfield code="a">Escoriza, Daniel</subfield>
      <subfield code="e">author</subfield>
   </datafield>
   <datafield ind2=" " ind1=" " tag="720">
      <subfield code="a">Boix Masafret, Dani</subfield>
      <subfield code="e">author</subfield>
   </datafield>
   <datafield ind2=" " ind1=" " tag="260">
      <subfield code="c">info:eu-repo/date/embargoEnd/2026-01-01</subfield>
   </datafield>
   <datafield ind2=" " ind1=" " tag="260">
      <subfield code="c">info:eu-repo/date/embargoEnd/2026-01-01</subfield>
   </datafield>
   <datafield ind2=" " ind1=" " tag="260">
      <subfield code="c">2014-08</subfield>
   </datafield>
   <datafield ind2=" " ind1=" " tag="520">
      <subfield code="a">The existence of suitable breeding habitats is an important factor explaining the regional presence of an anuran species. This study examined patterns of habitat selection in populations of three species of the genus Discoglossus: Discoglossus galganoi (south-western Iberian Peninsula), Discoglossus scovazzi (Morocco) and Discoglossus pictus (three different areas were included in the study: Sicily, Tunisia and north-eastern Iberian Peninsula). The populations of D.pictus on the Iberian Peninsula are allochthonous, and analysis of these patterns may provide insights into the processes that regulate the invasion phase. The hypotheses tested were: (i) congeneric species show the same patterns of habitat selection, and alien species have been established following these patterns; (ii) there are differences in species associations between assemblages structured deterministically and by chance, i.e. native versus invaded assemblages. The larval habitats of three species of this genus were characterized by measuring physical and chemical parameters of the water bodies. We examined the covariation between the presence of Discoglossus species and the species richness of sympatric anurans, and investigated a possible relationship between morphological similarity (as a proxy of functional group) and overlap in habitat use. The results showed that congeneric species are morphologically conservative and also select very similar types of aquatic habitat. The alien population and other sympatric species showed a high degree of overlap in habitat use, which was greater than that observed in the native assemblage with a similar functional richness. Species associations were not structured on the basis of morphological similarity in any of the assemblages. Among native populations, the presence of Discoglossus was either negatively correlated or not significantly correlated with species richness. Only the alien population showed a positive correlation between its presence and species richness, which suggests a loss of assemblage structure</subfield>
   </datafield>
   <datafield ind2=" " ind1=" " tag="520">
      <subfield code="a">Thanks to Jihene Ben Hassine (University of Tunis-El Manar) and Maria del Mar Comas (Universitat de Barcelona) for their assistance in the field work. Permits for field work were provided by the Tunisian Ministry of Agriculture, Haut Commissariat aux Eaux et Forets et a la Lutte Contre la Desertification in Morocco, and the Departament de Medi Ambient de Catalunya (ref. SF/574). The authors were supported by a grant from the Spanish Ministerio de Ciencia e Innovacion, Programa de Investigacion Fundamental No Orientada (CGL2011-23907)</subfield>
   </datafield>
   <datafield ind1="8" ind2=" " tag="024">
      <subfield code="a">http://hdl.handle.net/10256/11298</subfield>
   </datafield>
   <datafield tag="653" ind2=" " ind1=" ">
      <subfield code="a">Capgrossos</subfield>
   </datafield>
   <datafield tag="653" ind2=" " ind1=" ">
      <subfield code="a">Tadpoles</subfield>
   </datafield>
   <datafield tag="653" ind2=" " ind1=" ">
      <subfield code="a">Discoglòssids</subfield>
   </datafield>
   <datafield tag="653" ind2=" " ind1=" ">
      <subfield code="a">Discoglossidae</subfield>
   </datafield>
   <datafield tag="653" ind2=" " ind1=" ">
      <subfield code="a">Espècies introduïdes</subfield>
   </datafield>
   <datafield tag="653" ind2=" " ind1=" ">
      <subfield code="a">Introduced organisms</subfield>
   </datafield>
   <datafield ind2="0" ind1="0" tag="245">
      <subfield code="a">Reproductive habitat selection in alien and native populations of the genus Discoglossus</subfield>
   </datafield>
</record></metadata></record></GetRecord></OAI-PMH>